[Event "Mechanics' Spring TNM; G/2"]
[Site "San Francisco"]
[Date "2015.03.17"]
[Round "1.19"]
[White "Robertson, Guy"]
[Black "Maser, Tom"]
[Result "1/2-1/2"]
[WhiteElo "1437"]
[BlackElo "1956"]
[Annotator "Donaldson"]
[PlyCount "73"]
[EventDate "2015.??.??"]

1. d4 Nf6 2. c4 e6 3. a3 c5 4. e3 Be7 5. Nc3 O-O 6. g3 d5 7. cxd5 cxd4 8. exd4
Nxd5 9. Bg2 Bf6 10. Nge2 Nb6 11. O-O Nc6 12. Be3 Nc4 13. b3 Nd6 14. Rc1 Bd7 15.
d5 exd5 16. Nxd5 Bb2 17. Rc2 Bxa3 18. Rd2 Bg4 19. h3 Bxe2 20. Qxe2 Re8 21. Rfd1
Nf5 22. Qb5 Nxe3 23. Nxe3 Qb6 24. Qa4 Bc5 25. Nd5 Qd8 26. b4 Bb6 27. b5 Na5 28.
Nxb6 Qxb6 29. Ra1 Qh6 30. Qxa5 b6 31. Qb4 Rac8 32. Rd7 Re2 33. Raxa7 Qc1+ 34.
Kh2 Rxf2 {Diagram [#]} 35. Qe7 $4 (35. Rac7 $18) 35... Rxg2+ 36. Kxg2 Rc2+ 37.
Kf3 {Black has a mate in nine moves starting with 37...Qf1+.} 1/2-1/2

[Event "Mechanics' Winter TNM; 30/90, SD/30"]
[Site "San Francisco"]
[Date "2015.02.03"]
[Round "5.29"]
[White "Robertson, Guy"]
[Black "Palmeri, Ralph"]
[Result "0-1"]
[WhiteElo "1477"]
[BlackElo "1708"]
[PlyCount "66"]
[EventDate "2015.??.??"]

1. Nf3 c5 2. g3 Nc6 3. Bg2 d5 4. d3 Nf6 5. O-O e5 6. c3 Be7 7. Nbd2 O-O 8. e4
d4 9. cxd4 cxd4 10. a4 Bg4 11. h3 Bh5 12. b3 Nd7 13. Nc4 f6 14. g4 Bf7 15. Bd2
Rc8 16. Rb1 Nb4 17. Qe2 Nb6 18. Rfc1 Nxc4 19. bxc4 a5 20. Ne1 Qd7 21. Ra1 Bc5
22. Nc2 Nc6 23. Qe1 Ra8 24. Rcb1 Qe7 25. Rb5 b6 26. f4 Be8 27. Rb2 exf4 28.
Bxf4 Ne5 29. Qg3 Ra7 30. Rb3 Kh8 31. Na3 Bxa4 32. Nb5 Bxb3 33. Nxa7 Qxa7 0-1

[Event "Mechanics' Summer TNM; G/2"]
[Site "San Francisco"]
[Date "2015.06.30"]
[Round "6.38"]
[White "Robertson, Guy"]
[Black "Sachs-Weintraub, Julian"]
[Result "1-0"]
[WhiteElo "1461"]
[BlackElo "1245"]
[PlyCount "59"]
[EventDate "2015.??.??"]

1. Nf3 d5 2. g3 Nc6 3. Bg2 e5 4. d3 Nf6 5. O-O h6 6. Nbd2 Bf5 7. Re1 e4 8. Nh4
Bh7 9. dxe4 dxe4 10. Bh3 Be7 11. Ng2 O-O 12. c3 Re8 13. Ne3 b5 14. a4 b4 15. a5
Ne5 16. Qa4 c5 17. Rd1 Qc7 18. Ndf1 Red8 19. Bd2 Rab8 20. Rac1 Nc6 21. cxb4
Nxb4 22. Bxb4 Rxb4 23. Qxb4 Rxd1 24. Nxd1 Nd5 25. Qb5 f5 26. Qe8+ Bf8 27. Qe6+
Qf7 28. Qxf7+ Kxf7 29. Nfe3 Nxe3 30. Nxe3 1-0

[Event "Mechanics' Winter TNM; 30/90, SD/30"]
[Site "San Francisco"]
[Date "2015.01.13"]
[Round "2.32"]
[White "Robertson, Guy"]
[Black "Sherwood, Peter"]
[Result "0-1"]
[WhiteElo "1477"]
[BlackElo "1669"]
[PlyCount "72"]
[EventDate "2015.??.??"]

1. Nf3 Nf6 2. d3 d5 3. Nbd2 e6 4. g3 Bc5 5. Bg2 O-O 6. O-O Nbd7 7. e4 dxe4 8.
dxe4 e5 9. c3 a5 10. Qe2 Re8 11. Rd1 Qe7 12. h3 h6 13. a4 Nb6 14. b3 Bd7 15.
Rb1 Bd6 16. Nc4 Nxc4 17. Qxc4 Bc6 18. Nh4 Qe6 19. Qe2 Rad8 20. c4 Rd7 21. Nf5
Bc5 22. Rxd7 Qxd7 23. Kh2 Rd8 24. f3 Qd1 25. Bf1 {Diagram #} Ba3 (25... Nxe4 $1
) (25... Qxe2+ 26. Bxe2 Nxe4 $1) 26. Bxa3 (26. Ne3) 26... Qxb1 27. Be7 Rd1 28.
Ne3 Rd7 29. Bxf6 gxf6 30. Nf5 Qc1 31. Kg1 Kh7 32. f4 Qd1 33. Qe3 Qd2 34. Qf3
exf4 35. Qxf4 Qxf4 36. gxf4 Bxe4 0-1

[Event "Mechanics' Spring TNM; G/2"]
[Site "San Francisco"]
[Date "2015.04.21"]
[Round "6.35"]
[White "Robertson, Guy"]
[Black "Starr, Albert"]
[Result "0-1"]
[WhiteElo "1437"]
[BlackElo "1628"]
[PlyCount "52"]
[EventDate "2015.??.??"]

1. Nf3 b5 2. g3 Bb7 3. Bg2 e6 4. d3 Nf6 5. O-O Be7 6. Nbd2 O-O 7. e4 d6 8. b3
Nbd7 9. c4 b4 10. Bb2 c5 11. Re1 a5 12. d4 cxd4 13. Nxd4 Nc5 14. Nb5 Nd3 15.
Bxf6 Bxf6 16. Re3 Bxa1 17. Rxd3 Bc3 18. Rxd6 Qe7 19. Nb1 Be5 20. Rd3 Rfd8 21.
Rxd8+ Rxd8 22. Qe2 Qd7 23. f4 Qd1+ 24. Bf1 Qxe2 25. Bxe2 Bd4+ 26. Kg2 Bxe4+ 0-1

[Event "Mechanics' Fall TNM; G/2"]
[Site "San Francisco"]
[Date "2015.11.03"]
[Round "3.19"]
[White "Robertson, Guy R"]
[Black "Anderson, Michael"]
[Result "0-1"]
[WhiteElo "1486"]
[BlackElo "1986"]
[PlyCount "60"]
[EventDate "2015.??.??"]

1. Nf3 f5 2. d3 Nf6 3. Nbd2 g6 4. e4 e6 5. e5 Nd5 6. c4 Ne7 7. b3 b6 8. Bb2 Bb7
9. g3 Bg7 10. Bg2 O-O 11. O-O c5 12. h4 h6 13. Re1 Nbc6 14. a3 d5 15. exd6 Bxb2
16. dxe7 Qxe7 17. Ra2 Bg7 18. Nf1 Rad8 19. Rd2 e5 20. Ne3 Nd4 21. Nxd4 cxd4 22.
Nd5 Qxa3 23. f4 e4 24. dxe4 Bxd5 25. exd5 b5 26. Re6 bxc4 27. bxc4 Qxg3 28. Qf3
Qxh4 29. Rxg6 $4 Qe1+ 30. Kh2 Qxd2 0-1

[Event "Mechanics' Summer TNM; G/2"]
[Site "San Francisco"]
[Date "2015.06.09"]
[Round "3.36"]
[White "Robertson, Guy R"]
[Black "Chalissery, Jossy"]
[Result "1-0"]
[WhiteElo "1461"]
[BlackElo "1685"]
[PlyCount "69"]
[EventDate "2015.??.??"]

1. Nf3 d5 2. d3 Nf6 3. Nbd2 c5 4. e4 dxe4 5. dxe4 e6 6. g3 Be7 7. Bg2 Nc6 8.
O-O O-O 9. c3 Qc7 10. a4 a5 11. Qe2 Rd8 12. Re1 e5 13. Nc4 Bg4 14. h3 Bh5 15.
Bg5 h6 16. Bxf6 Bxf6 17. Rad1 Rxd1 18. Rxd1 Rd8 19. Rd5 Ne7 20. Rxd8+ Qxd8 21.
g4 Bg6 22. Ncxe5 Bh7 23. Nc4 Nc6 24. Nfd2 Ne5 25. f4 Nd3 26. e5 Bh4 27. Ne4
Nxf4 28. Qf3 Nxg2 29. Kxg2 Be7 30. Ned6 Bg6 31. Qxb7 Bxd6 32. exd6 Qe8 33. Qe7
Qxe7 34. dxe7 f6 35. Nd6 1-0

[Event "Mechanics' Summer TNM; G/2"]
[Site "San Francisco"]
[Date "2015.06.16"]
[Round "4.29"]
[White "Robertson, Guy R"]
[Black "Dupree, Charles"]
[Result "0-1"]
[WhiteElo "1461"]
[BlackElo "1625"]
[PlyCount "76"]
[EventDate "2015.??.??"]

1. Nf3 e6 2. g3 b5 3. Bg2 Bb7 4. d3 d5 5. Nbd2 Nf6 6. O-O Be7 7. a4 b4 8. b3
O-O 9. Bb2 c5 10. Qe1 Re8 11. e4 Nc6 12. c3 bxc3 13. Bxc3 Nb4 14. Qe2 Ba6 15.
Ne1 Rc8 16. e5 Nd7 17. f4 Nb8 18. f5 N8c6 19. f6 Bf8 20. g4 Qb6 21. Kh1 Nd4 22.
Bxd4 cxd4 23. fxg7 Bxg7 24. Ndf3 Rc3 25. Rd1 Rxb3 26. Qf2 Nxd3 27. Qh4 Nxe5 28.
Nxe5 Bxf1 29. Bxf1 Bxe5 30. Bd3 Rxd3 31. Rxd3 Qd8 32. Qh5 Qf6 33. Nf3 Bc7 34.
g5 Qg6 35. Qxg6+ hxg6 36. Nxd4 Bb6 37. Nc2 Rc8 38. Rd2 Rc4 0-1

[Event "Mechanics' Fall TNM; G/2"]
[Site "San Francisco"]
[Date "2015.11.17"]
[Round "5.36"]
[White "Robertson, Guy R"]
[Black "Frank, Robert H"]
[Result "1-0"]
[WhiteElo "1486"]
[BlackElo "1339"]
[PlyCount "83"]
[EventDate "2015.??.??"]

1. Nf3 Nf6 2. g3 d5 3. Bg2 Bf5 4. d3 c5 5. Nbd2 e6 6. O-O Nc6 7. c4 Bd6 8. Re1
d4 9. h3 h6 10. e3 O-O 11. exd4 Bxd3 12. Qb3 Nb4 13. a3 Nc2 14. Qxd3 Nxe1 15.
Nxe1 cxd4 16. Qxd4 e5 17. Qd3 Rb8 18. b4 b6 19. Bb2 a5 20. b5 Re8 21. Ne4 Bc7
22. Qe2 Qe7 23. a4 Nxe4 24. Bxe4 Qe6 25. Kg2 Bd6 26. Bd5 Qg6 27. Nf3 Qf6 28.
Nh2 Qd8 29. Ng4 Qc7 30. Qe4 Kh8 31. Ne3 Rf8 32. Nf5 f6 33. Nxd6 Qxd6 34. Ba3
Qd8 35. Bxf8 Qxf8 36. Qg6 f5 37. Qf7 Qxf7 38. Bxf7 Kh7 39. Rd1 Rb7 40. Be6 g6
41. Rd7+ Rxd7 42. Bxd7 1-0

[Event "Mechanics' Leighton Allen TNM; G/2"]
[Site "San Francisco"]
[Date "2015.08.18"]
[Round "3.32"]
[White "Robertson, Guy R"]
[Black "Hilliard, Michael"]
[Result "1-0"]
[WhiteElo "1480"]
[BlackElo "1418"]
[PlyCount "75"]
[EventDate "2015.??.??"]

1. Nf3 d5 2. g3 e6 3. Bg2 c5 4. d3 Nc6 5. Nbd2 Nf6 6. O-O b5 7. e4 Bd6 8. Re1
d4 $2 9. e5 $1 Nxe5 10. Nxe5 Qc7 11. f4 Bb7 12. Ndf3 O-O 13. a4 a6 14. axb5
axb5 15. Rxa8 Rxa8 16. b3 Ra1 17. Qe2 Qa5 18. Bd2 Rxe1+ 19. Qxe1 Qa8 20. Qe2
Qa1+ 21. Ne1 Bxg2 22. Kxg2 Kf8 23. h3 Nd5 24. Qh5 Bxe5 25. fxe5 h6 26. Qe2 Qa8
27. Kh2 b4 28. Qe4 Qb8 29. Ng2 Ne7 30. Nh4 g5 31. Nf3 Nf5 32. g4 Ne7 33. Qh7
Ng8 34. Kg3 f6 35. Qe4 Ne7 36. Kf2 f5 37. gxf5 Nxf5 38. Qc6 1-0

[Event "Mechanics' Fall TNM; G/2"]
[Site "San Francisco"]
[Date "2015.12.15"]
[Round "9.27"]
[White "Robertson, Guy R"]
[Black "Morgan, Jerry Dugl"]
[Result "0-1"]
[WhiteElo "1486"]
[BlackElo "1588"]
[PlyCount "60"]
[EventDate "2015.??.??"]

1. d4 d5 2. c4 c6 3. cxd5 cxd5 4. Nc3 e5 5. e3 exd4 6. exd4 Be6 7. Nf3 Be7 8.
Bd3 Nf6 9. O-O O-O 10. Qc2 Nc6 11. a3 Rc8 12. Bg5 g6 13. Rad1 Na5 14. Ne5 Nc6
15. Nxc6 Rxc6 16. f4 Ng4 17. Bxe7 Qxe7 18. Rfe1 Qf6 19. h3 Qxd4+ 20. Kf1 Qxf4+
21. Kg1 Qd4+ 22. Kf1 Ne3+ 23. Rxe3 Qxe3 24. Qb3 {Diagram #} Bxh3 $1 25. Nxd5
Bxg2+ 26. Kxg2 Qg5+ 27. Kf2 Qh4+ 28. Ke2 Qh2+ 29. Ke3 Re8+ 30. Be4 Qg3+ 0-1

[Event "Mechanics' Leighton Allen TNM; G/2"]
[Site "San Francisco"]
[Date "2015.08.04"]
[Round "1.12"]
[White "Robertson, Guy R"]
[Black "Rosenthal, Edward"]
[Result "0-1"]
[WhiteElo "1480"]
[BlackElo "2098"]
[PlyCount "82"]
[EventDate "2015.??.??"]

1. Nf3 c5 2. d3 d5 3. Nbd2 Nf6 4. g3 Nc6 5. Bg2 e5 6. e4 dxe4 7. dxe4 Be7 8.
O-O Bg4 9. h3 Bh5 10. c3 O-O 11. Qe2 Qc7 12. a4 Na5 13. Rb1 c4 14. Re1 Rac8 15.
g4 Bg6 16. Nh4 Bc5 17. Nxg6 hxg6 18. Nf1 Qc6 19. Ng3 Qxa4 20. Be3 Nb3 21. Bxc5
Rxc5 22. Qc2 Qa5 23. Red1 Rcc8 24. g5 Nh7 25. h4 Rfe8 26. Rd5 Qb6 27. Rbd1 Nf8
28. Rd6 Rc6 29. Rxc6 Qxc6 30. Rd5 Nc5 31. Qd1 Nd3 32. Qd2 Ne6 33. Bf1 Nef4 34.
Bxd3 Nxd5 35. Bf1 Nf4 36. Qd1 b5 37. b3 Nd3 38. Bxd3 Rd8 39. bxc4 bxc4 40. Qa1
cxd3 41. Qxa7 d2 0-1

[Event "Mechanics' Fall TNM; G/2"]
[Site "San Francisco"]
[Date "2015.11.24"]
[Round "6.26"]
[White "Robertson, Guy R"]
[Black "Sherwood, Peter"]
[Result "0-1"]
[WhiteElo "1486"]
[BlackElo "1633"]
[Annotator "Donaldson"]
[PlyCount "88"]
[EventDate "2015.??.??"]

1. Nf3 Nf6 2. g3 e6 3. Bg2 d5 4. d4 Bd6 5. O-O O-O 6. Nbd2 Nbd7 7. c4 c6 8. c5
Bb8 9. a3 b6 10. cxb6 axb6 11. b4 Bd6 12. Bb2 Ba6 13. Re1 Rc8 14. Rc1 c5 $1 15.
bxc5 bxc5 16. dxc5 Bxc5 (16... Nxc5) 17. e4 $2 (17. Nb3) 17... Qb6 $1 18. Rxc5
Qxc5 19. exd5 Nxd5 20. Qa1 N7f6 21. Ne4 Qe7 (21... Nxe4 22. Rxe4 Nc3 23. Re3
Ne2+ 24. Kh1 Rfd8 $19) 22. Nxf6+ Nxf6 23. Nh4 Bd3 24. Bc3 Rfd8 25. Bb4 Qa7 26.
Nf3 Rc2 27. Bd2 Ng4 28. Be3 Nxe3 29. Rxe3 Qc5 30. Ne1 Rc1 31. Qb2 Ba6 32. Bf3
h6 33. Kg2 Qc7 34. a4 Rc5 35. h4 Qb8 36. Rb3 Qe5 37. Qb1 Rcc8 38. Re3 Qc7 39.
Qa1 Qc1 40. Qe5 Rd2 41. Be2 Bxe2 42. Rxe2 Rxe2 43. Qxe2 Qc6+ 44. Nf3 Qxa4 0-1

[Event "Mechanics' Fall TNM; G/2"]
[Site "San Francisco"]
[Date "2015.10.20"]
[Round "1.15"]
[White "Robertson, Guy R"]
[Black "Steger, Eric Alan"]
[Result "0-1"]
[WhiteElo "1486"]
[BlackElo "2014"]
[Annotator "Donaldson"]
[PlyCount "34"]
[EventDate "2015.??.??"]

1. e4 e5 2. Nf3 Nc6 3. d3 d5 4. Nbd2 Nf6 5. g3 dxe4 6. dxe4 Bg4 7. Bg2 Qd7 8.
h3 Bh5 9. O-O O-O-O 10. c3 Nxe4 {Diagram [#]} 11. g4 $2 {
This loses quickly. The only way to hold the balance was with the computer line
} (11. Nxe5 Bxd1 12. Nxd7 Nxd2 13. Rxd1 Nc4 14. Bxc6 bxc6 15. Rd4 Rxd7 16. Rxc4
Rd1+ 17. Kg2 Re1 (17... Bd6 18. Rd4) 18. b4 Bd6 19. Bb2 Re2 20. Bc1 Re1 21. Bb2
$11) 11... Bg6 12. Qa4 Nc5 13. Qb5 Bd3 14. Nxe5 Bxb5 15. Nxd7 Bxf1 16. Nxc5
Bxg2 17. Kxg2 Bxc5 0-1

[Event "Mechanics' Summer TNM; G/2"]
[Site "San Francisco"]
[Date "2015.06.30"]
[Round "6.17"]
[White "Ronen, Ari"]
[Black "Shi, Jaysen"]
[Result "0-1"]
[WhiteElo "1536"]
[BlackElo "1833"]
[PlyCount "100"]
[EventDate "2015.??.??"]

1. e4 e6 2. d4 d5 3. e5 c5 4. c3 Nc6 5. Nf3 Qb6 6. Be2 Nh6 7. b3 cxd4 8. cxd4
Bb4+ 9. Bd2 Nxd4 10. Bxb4 Qxb4+ 11. Nbd2 Bd7 12. Nxd4 Qxd4 13. Nf3 Qc3+ 14. Kf1
Rc8 15. h3 O-O 16. g4 Rc7 17. Kg2 Rfc8 18. Nd4 f6 19. exf6 gxf6 20. Bb5 e5 21.
Bxd7 Rxd7 22. Nb5 Qa5 23. Rc1 Rxc1 24. Qxc1 Qxb5 25. Qxh6 Qc6 26. Rc1 Qd6 27.
g5 Rg7 28. Rc8+ Kf7 29. Qh5+ Ke6 30. h4 Qd7 31. Rf8 Rf7 32. Rg8 d4 33. Qg4+ Kd6
34. Qxd7+ Kxd7 35. g6 hxg6 36. Rxg6 Ke6 37. Rg3 e4 38. h5 d3 39. Kf1 Rh7 40.
Rh3 Rh6 41. Ke1 f5 42. Kd2 f4 43. f3 Ke5 44. fxe4 Kxe4 45. Rh4 Kf3 46. Kxd3
Rd6+ 47. Kc2 Kg3 48. Rh1 Kg2 49. Rh4 f3 50. h6 f2 0-1

[Event "Mechanics' Winter TNM; 30/90, SD/30"]
[Site "San Francisco"]
[Date "2015.01.06"]
[Round "1.33"]
[White "Rosenstein, Perry"]
[Black "Bailey, Michael"]
[Result "1-0"]
[WhiteElo "1745"]
[BlackElo "1119"]
[PlyCount "45"]
[EventDate "2015.??.??"]

1. e4 e5 2. Nf3 Nc6 3. Bc4 Nf6 4. d3 Be7 5. O-O d6 6. h3 Be6 7. Bxe6 fxe6 8.
Bg5 O-O 9. Re1 Qd7 10. c3 Nd8 11. Qb3 b6 12. Na3 c6 13. Rad1 Nb7 14. d4 Na5 15.
Qa4 exd4 16. Nxd4 Rac8 17. e5 Nd5 18. Bxe7 Qxe7 19. exd6 Qh4 20. Qc2 Rf6 21.
Nxe6 Nf4 22. Nxf4 Qxf4 23. d7 1-0

[Event "Mechanics' Winter TNM; 30/90, SD/30"]
[Site "San Francisco"]
[Date "2015.02.24"]
[Round "8.26"]
[White "Rosenstein, Perry"]
[Black "Casares Jr., Nick"]
[Result "1-0"]
[WhiteElo "1745"]
[BlackElo "1600"]
[PlyCount "57"]
[EventDate "2015.??.??"]

1. e4 e5 2. Nf3 Nc6 3. Bc4 Nf6 4. d3 h6 5. O-O Be7 6. Re1 O-O 7. c3 d5 8. exd5
Nxd5 9. Nxe5 Nxe5 10. Rxe5 c6 11. Nd2 Bd6 12. Re1 Qh4 13. Nf3 Qh5 14. h3 Bxh3
$2 15. gxh3 Qxh3 16. Ne5 $1 Rae8 17. Qf3 Qc8 18. d4 f6 19. Bxd5+ Kh7 20. Be4+
f5 21. Bc2 Qc7 22. Bxf5+ Kg8 23. Qh5 Bxe5 24. dxe5 g5 25. Qg6+ Qg7 26. Qxg7+
Kxg7 27. Bd7 Re7 28. e6 Rf5 29. Be3 1-0

[Event "Mechanics' Winter TNM; 30/90, SD/30"]
[Site "San Francisco"]
[Date "2015.01.20"]
[Round "3.24"]
[White "Rosenstein, Perry"]
[Black "James, Charles"]
[Result "1-0"]
[WhiteElo "1745"]
[BlackElo "1409"]
[PlyCount "63"]
[EventDate "2015.??.??"]

1. e4 e6 2. Nf3 d5 3. exd5 exd5 4. d4 Nf6 5. c4 Bd6 6. Nc3 c6 7. Bg5 Be6 8.
cxd5 cxd5 9. Bb5+ Nbd7 10. Ne5 O-O 11. Bxd7 Bxd7 12. Nxd7 Re8+ 13. Ne5 Bxe5 14.
dxe5 Rxe5+ 15. Ne2 Rxg5 16. O-O Qb6 17. Qc2 Re8 18. Rad1 Rge5 19. Nf4 g5 20.
Nd3 Rf5 21. Nb4 Rfe5 22. Nd3 Re4 23. Qd2 h6 24. Kh1 Re2 25. Qc1 Ne4 26. f4 Qe6
27. fxg5 Nxg5 28. Nf4 Qe4 29. Nxe2 Qxe2 30. Rde1 Qb5 31. Rxe8+ Qxe8 32. Qc7 1-0

[Event "Mechanics' Winter TNM; 30/90, SD/30"]
[Site "San Francisco"]
[Date "2015.02.03"]
[Round "5.27"]
[White "Rosenstein, Perry"]
[Black "Poler, Sebastian"]
[Result "0-1"]
[WhiteElo "1745"]
[BlackElo "1506"]
[Annotator "Donaldson"]
[PlyCount "82"]
[EventDate "2015.??.??"]

1. e4 c6 2. d4 d5 3. e5 Bf5 4. Nf3 e6 5. c4 Ne7 6. Nc3 Ng6 7. cxd5 cxd5 8. Qb3
Qc7 9. h4 h6 (9... h5) 10. Bd2 Nc6 11. Rc1 a6 12. h5 (12. Be2) 12... Nge7 13.
Na4 b5 14. Nc5 Nc8 15. Nxa6 $2 {Tempting, but mistaken.} (15. Be2) 15... Rxa6
16. Bxb5 Rb6 17. Ba5 {Diagram #} Rxb5 $1 {The refutation} 18. Qxb5 Qxa5+ 19.
Qxa5 Nxa5 20. Rxc8+ Kd7 21. Rb8 Kc7 22. Rb5 {
as ...Bb4+ stops White from maintaining the pin.} Nc6 (22... Bd3 $1 {
ends the game immediately.}) 23. a3 (23. Kd2) 23... Bc2 24. Nd2 Ba4 25. Rb3
Bxb3 26. Nxb3 Be7 27. Rh3 f6 28. Rg3 Rg8 29. Rc3 Kb6 30. f4 g5 31. Rg3 fxe5 32.
fxe5 Rf8 33. Rf3 Rxf3 34. gxf3 Kb5 35. Kd2 Kc4 36. Kc2 Nxd4+ 37. Nxd4 Kxd4 38.
b4 Kc4 39. Kd2 Kb3 40. b5 Kxa3 41. b6 Bd8 0-1

[Event "Mechanics' Summer TNM; G/2"]
[Site "San Francisco"]
[Date "2015.06.23"]
[Round "5.22"]
[White "Rosenstein, Perry"]
[Black "Ronen, Ari"]
[Result "0-1"]
[WhiteElo "1722"]
[BlackElo "1536"]
[PlyCount "64"]
[EventDate "2015.??.??"]

1. e4 e6 2. Nf3 d5 3. Nc3 Nf6 4. e5 Nfd7 5. d4 c5 6. dxc5 Bxc5 7. Bd3 Nc6 8.
Bf4 a6 9. O-O Qc7 10. Re1 Qb6 11. Qe2 Be7 12. Nxd5 exd5 13. e6 Nc5 14. exf7+
Kxf7 15. Ne5+ Nxe5 16. Bxe5 Be6 17. Bd4 Qc6 18. f4 Nxd3 19. cxd3 Bc5 20. Bxc5
Qxc5+ 21. Kh1 Qd6 22. f5 Bd7 23. Qh5+ g6 24. fxg6+ hxg6 25. Qf3+ Kg7 26. h3
Raf8 27. Qe3 Re8 28. Qd4+ Qf6 29. Qxd5 Bc6 30. Qa5 Rxh3+ 31. Kg1 Qd4+ 32. Kf1
Rh1# 0-1

[Event "Mechanics' Summer TNM; G/2"]
[Site "San Francisco"]
[Date "2015.05.26"]
[Round "1.28"]
[White "Rosenstein, Perry"]
[Black "Sachs-Weintraub, J."]
[Result "1-0"]
[WhiteElo "1722"]
[BlackElo "1247"]
[Annotator "Donaldson"]
[PlyCount "117"]
[EventDate "2015.??.??"]

1. e4 c5 2. Nf3 Nc6 3. Bc4 e5 4. O-O Nf6 $6 (4... Be7) 5. Re1 (5. Ng5 $1) 5...
Be7 6. c3 d6 7. d4 Bg4 8. d5 Nb8 9. Bb5+ Nbd7 10. Bg5 O-O 11. Nbd2 a6 12. Be2
b5 13. a4 c4 14. b3 cxb3 15. axb5 Bxf3 16. Bxf3 axb5 17. Qxb3 Rb8 18. Be2 Nc5
19. Qb4 Qd7 20. Ra5 Rb6 21. Rxb5 Rxb5 22. Bxb5 Qg4 23. Be3 Rb8 24. Be2 Qc8 25.
Qc4 Ra8 26. Bxc5 Qxc5 27. Qxc5 dxc5 28. Bb5 Nh5 29. Nc4 f6 30. g3 g5 31. Bc6
Rd8 32. Ne3 Ng7 33. Ra1 Kf8 34. Kg2 h5 35. Nc4 Ne8 36. Ra7 Nd6 37. Nxd6 Rxd6
38. Kf3 Rd8 39. Ke3 Kf7 40. f4 g4 41. fxe5 fxe5 42. Ra1 Kg7 43. Rf1 Rf8 44.
Rxf8 Kxf8 45. Kd3 Bd6 46. Bd7 Ke7 47. Bf5 Kf6 48. Kc4 Kg5 49. Kb5 h4 50. Kc6
Be7 51. d6 Bd8 52. Kxc5 Kf6 53. Bxg4 Ba5 54. c4 Be1 55. d7 Ke7 56. Kc6 Kd8 57.
Kd6 hxg3 58. hxg3 Bxg3 59. c5 1-0

[Event "Mechanics' Leighton Allen TNM; G/2"]
[Site "San Francisco"]
[Date "2015.08.25"]
[Round "4.5"]
[White "Rosenthal, Edward"]
[Black "Clemens, Kristian"]
[Result "1/2-1/2"]
[WhiteElo "2098"]
[BlackElo "1928"]
[Annotator "Rosenthal"]
[PlyCount "101"]
[EventDate "2015.??.??"]

1. e4 e5 2. Nf3 Nc6 3. Bb5 Nd4 4. Nxd4 exd4 5. O-O g6 6. d3 Bg7 7. Nd2 Ne7 8.
Bc4 c6 9. Nf3 d5 10. exd5 cxd5 11. Bb5+ Bd7 12. Bxd7+ Qxd7 13. Bf4 O-O 14. Re1
Nc6 15. Qd2 Rfe8 16. h3 a6 17. a3 Rac8 18. Rxe8+ Rxe8 19. Re1 Rxe1+ 20. Qxe1
Qe6 21. Qd2 Qe7 22. Kf1 Kf8 23. Bh6 f6 24. Bxg7+ Qxg7 25. Nxd4 Qd7 26. Nxc6 (
26. Qe3 Nxd4 27. Qxd4 Qc6 28. c4 dxc4 29. Qxc4 Qd7 30. d4) 26... Qxc6 27. Qb4+
Kf7 28. c3 h5 29. Qd4 Kg7 30. Qb4 Qd7 31. a4 b5 32. axb5 axb5 33. Qd4 Qb7 34.
g4 hxg4 35. hxg4 Kf7 36. b4 Qa8 37. Qc5 Qb7 38. Ke2 (38. Qd4) 38... Qd7 39. Qd4
Qb7 40. f4 Qd7 41. Kf3 Qe6 42. Qa7+ Kf8 43. Qb8+ Kg7 44. Qxb5 Qe1 45. Qc5 Qf1+
46. Ke3 Qg1+ 47. Kd2 Qh2+ 48. Kc1 Qxf4+ 49. Kc2 Qf3 50. Qd4 Qe2+ 51. Kb3
1/2-1/2

[Event "Mechanics' Leighton Allen TNM; G/2"]
[Site "San Francisco"]
[Date "2015.08.10"]
[Round "2.12"]
[White "Rosenthal, Edward"]
[Black "Gerwin, Gene"]
[Result "1/2-1/2"]
[WhiteElo "2098"]
[BlackElo "1822"]
[PlyCount "63"]
[EventDate "2015.??.??"]

1. e4 d6 2. d4 g6 3. Nc3 Bg7 4. Be3 a6 5. a4 b6 6. Nf3 Nd7 7. Bc4 e6 8. Qd2 h6
9. O-O Bb7 10. Rfe1 Ne7 11. Rad1 Kf8 12. b4 Kg8 13. h4 Nf8 14. Bf4 Qd7 15. h5
gxh5 16. Bd3 Neg6 17. Ne2 Qxa4 18. b5 axb5 19. Ra1 Qxa1 20. Rxa1 Rxa1+ 21. Kh2
Nxf4 22. Nxf4 c5 23. Nxh5 c4 24. Nxg7 Kxg7 25. Qc3 Ra5 26. d5+ e5 27. Be2 Ng6
28. Qe3 Ra6 29. Nd2 Bc8 30. Qc3 Ra4 31. Qe3 Ra6 32. Qc3 1/2-1/2

[Event "Mechanics' Leighton Allen TNM; G/2"]
[Site "San Francisco"]
[Date "2015.09.08"]
[Round "6.8"]
[White "Rosenthal, Edward"]
[Black "Kuczek, Kevin W"]
[Result "0-1"]
[WhiteElo "2098"]
[BlackElo "1611"]
[PlyCount "98"]
[EventDate "2015.??.??"]

1. e4 e5 2. Nf3 Nc6 3. Bb5 Nf6 4. O-O Nxe4 5. Re1 Nd6 6. Nxe5 Nxe5 7. Rxe5+ Be7
8. Bd3 O-O 9. Nc3 Bf6 10. Re1 b6 11. Nd5 Bb7 12. Qf3 Bxd5 13. Qxd5 Re8 14. Re3
Re6 15. Rb1 c6 16. Qh5 g6 17. Qe2 Qe7 18. Rxe6 Qxe6 19. Qxe6 fxe6 20. b3 Nf5
21. Bb2 Kf7 22. f4 d5 23. Be5 Bxe5 24. fxe5 Rd8 25. Rf1 Ke7 26. c3 c5 27. Bb5
d4 28. g4 Nh6 29. Rf4 dxc3 30. dxc3 Rd5 31. a4 Rxe5 32. a5 Nf7 33. axb6 axb6
34. Ra4 Nd6 35. Bc6 h5 36. gxh5 gxh5 37. c4 Nc8 38. Ra8 Rg5+ 39. Kf2 Rg8 40.
Rb8 Kd6 41. Bf3 h4 42. Rb7 Rh8 43. Ke3 ({(Rosenthal)} 43. Rb8 {Game reconstruct
ed from memory. White Lost on Time in the endgame. Black won white's Bishop,
White captured the Black Knight, Black constructed a passed pawn, White had to
spend time capturing the H Pawn, reaching a Lucena type position.}) 43... Ke5
44. Rf7 Rg8 45. Rb7 Rd8 46. Rf7 Kd6 47. Kf4 Rg8 48. Rb7 Rh8 49. Kg4 Ke5 {
and Black later won on time - Kuczek's score.} 0-1

[Event "Mechanics' Leighton Allen TNM; G/2"]
[Site "San Francisco"]
[Date "2015.09.15"]
[Round "7.13"]
[White "Rosenthal, Edward"]
[Black "Rakonitz, David"]
[Result "1-0"]
[WhiteElo "2098"]
[BlackElo "1613"]
[Annotator "Rosenthal"]
[PlyCount "137"]
[EventDate "2015.??.??"]

1. e4 e6 2. Qe2 c5 3. Nf3 Nc6 4. g3 Nge7 5. Bg2 d5 6. exd5 Nxd5 7. Nc3 Be7 8.
O-O O-O 9. Re1 Re8 10. d3 Nxc3 11. bxc3 Bf6 12. Bb2 Qa5 13. Nd2 Bd7 14. Nc4 Qc7
15. a4 Rab8 16. Qe3 (16. a5) 16... Ne7 17. Ne5 b6 18. Ng4 Nd5 19. Nxf6+ Nxf6
20. c4 Qd8 21. Be5 (21. a5) (21. Qg5 h6 22. Qh4 Rc8 23. a5 Bc6 24. axb6 Bxg2
25. Kxg2 axb6 26. Bxf6 Qxf6 27. Qxf6 gxf6 28. Reb1) 21... Ng4 22. Qf4 Nxe5 23.
Qxe5 Rc8 24. Qd6 Qc7 25. Qxc7 Rxc7 26. Reb1 Bc6 27. a5 Bxg2 28. axb6 axb6 29.
Kxg2 Rb7 30. Kf3 (30. Ra6 Reb8 31. f4) 30... f6 31. Ke4 Rd8 32. f4 Rd4+ 33. Ke3
Kf7 34. Ra6 (34. Ra5 Rdd7 35. Rab5) 34... Rd6 35. g4 Ke7 36. h4 Rb8 37. Rb5 Rb7
38. Ra1 Kd7 39. Ra8 Kc6 40. h5 Rdd7 41. Ra6 Rd8 42. Ra1 Rdd7 43. Rb3 Ra7 44.
Rba3 Rxa3 45. Rxa3 Kb7 46. c3 Kc6 47. d4 Kd6 48. Ke4 Re7 49. Rb3 Kc6 50. g5 h6
51. gxf6 gxf6 52. Rb1 Rg7 53. d5+ exd5+ 54. cxd5+ Kb7 55. c4 Rg2 56. Kf5 Rc2
57. Kxf6 Rxc4 58. f5 Rd4 59. Ke5 Rd3 60. f6 Re3+ 61. Kd6 Rf3 62. Ke7 Re3+ 63.
Kf8 Rd3 64. d6 Rxd6 65. Kg7 c4 66. f7 Rd7 67. Kg8 Rd8+ 68. f8=Q Rxf8+ 69. Kxf8
1-0

[Event "Mechanics' Winter TNM; 30/90, SD/30"]
[Site "San Francisco"]
[Date "2015.02.17"]
[Round "7.40"]
[White "Ross, David"]
[Black "Gomboluudev, Enkhjin"]
[Result "0-1"]
[WhiteElo "1523"]
[BlackElo "1432"]
[PlyCount "54"]
[EventDate "2015.??.??"]

1. e4 e5 2. Nf3 Nc6 3. d4 exd4 4. Nxd4 Bc5 5. Be3 Bb6 6. Nf5 Bxe3 7. Nxe3 Nf6
8. Nc3 d6 9. Qd2 Be6 10. Bd3 a6 11. O-O O-O 12. Rfe1 Qd7 13. Ncd5 Bxd5 14. exd5
Ne5 15. Be2 Rfe8 16. Qd4 Re7 17. Nc4 Rae8 18. Qd2 Ng6 19. Bf3 Rxe1+ 20. Rxe1
Rxe1+ 21. Qxe1 Qb5 22. Be2 Qxd5 23. b3 Ne5 24. f4 Nxc4 25. Bxc4 Qd4+ 26. Kh1
Qxf4 27. g3 Qe4+ 0-1